000 00291nam a22001337a 4500
008 170810b xxu||||| |||| 00| 0 eng d
020 _a9780669282085
041 _aeng
080 _a004
100 _a35
101 _aSHK
245 _aFILE PROCESSING IN COBOL
_cUCKAN,Y
942 _2udc
_cBK
999 _c23093
_d23093